| 000 | 00909nam a2200289 a 4500 | ||
|---|---|---|---|
| 001 | 42563 | ||
| 003 | BD-RjUL | ||
| 005 | 20211209053547.0 | ||
| 008 | 160614s1968 nyua 000 0 eng d | ||
| 035 | _aMITb10309749 | ||
| 035 | _a(BD-RjUL)42681 | ||
| 035 | _aGLIS00309749 | ||
| 040 |
_aYNG _cYNG _dm.c. _dOCL _dMYG _beng |
||
| 041 | _aeng | ||
| 082 |
_a330 _bROS 1968 |
||
| 099 | _aHB171.5.S193 1964 guide | ||
| 099 |
_aHB171.5 _a.S193 _a1964 _aguide |
||
| 100 | 1 |
_aRobinson, Romney, _d1913- _9130866 |
|
| 245 | 1 | 0 |
_aStudy guide and workbook to accompany Samuelson/Scott : _b Economics / _cRomney Robinson, Gordon R. Munro |
| 250 | _a2nd Canadian ed. | ||
| 260 |
_aNew York : _bMcgraw-Hill, _cc1968 |
||
| 300 |
_a312 p. : _bill. ; _c28 cm. |
||
| 650 | 0 |
_aEconomics _xStudy and teaching. _9130867 |
|
| 700 | 1 |
_aMunro, Gordon R. _9130868 |
|
| 942 |
_2ddc _cBK |
||
| 949 |
_aMYGD _b39080004725583 _b39080004725575 |
||
| 999 |
_c42563 _d42563 |
||